Matemáticas, ciencia y epistemología : escritos filosóficos, 2 /
Imre Lakatos (1922-1974), filósofo e historiados de la ciencia húngaro, creador de una metodología epistemológica para la investigación científica con los que reformuló el falsacionismo popperiano. La presente obra consta de dos volúmes que reúnen sus escritos filosóficos. Contenido del V. 1: 1. La...
Αποθηκεύτηκε σε:
| Κύριος συγγραφέας: | |
|---|---|
| Μορφή: | Βιβλίο |
| Γλώσσα: | Ισπανικά |
| Έκδοση: |
Madrid, España :
Alianza,
2007, c2007
|
| Θέματα: | |
| Ετικέτες: |
Δεν υπάρχουν, Καταχωρήστε ετικέτα πρώτοι!
|
MARC
| LEADER | 00000nam^a2200000^a^4500 | ||
|---|---|---|---|
| 001 | 000296014 | ||
| 005 | 20250521000000.0 | ||
| 009 | 20260526135201.506 | ||
| 020 | |a 978-84-206-8722-3 | ||
| 020 | |a 978-84-206-8891-6 | ||
| 037 | |a Acervo Xavier Clavigero | ||
| 041 | |a ESP | ||
| 082 | |a 121. |b LAK V. 2 | ||
| 100 | |a Lakatos, Imre |e (autor) | ||
| 240 | 1 | 1 | |a [Escritos filosóficos de Imre Lakatos] |
| 240 | 1 | 1 | |a [Matemáticas, ciencia y epistemología] |
| 245 | 1 | 0 | |a Matemáticas, ciencia y epistemología : |b escritos filosóficos, 2 / |c I. Lakatos ; tr. por Diego Ribes Nicolás. |
| 264 | 4 | |a Madrid, España : |b Alianza, |c 2007, c2007 | |
| 300 | |a 360 p. | ||
| 336 | |a texto |b txt |2 rdacontenido | ||
| 337 | |a sin mediación |b n |2 rdamedio | ||
| 338 | |a volumen |b nc |2 rdasoporte | ||
| 500 | |a Traducción de: Mathematics, Science and Epistemology. Philosophical Papers. Volume 2 | ||
| 520 | |a Imre Lakatos (1922-1974), filósofo e historiados de la ciencia húngaro, creador de una metodología epistemológica para la investigación científica con los que reformuló el falsacionismo popperiano. La presente obra consta de dos volúmes que reúnen sus escritos filosóficos. Contenido del V. 1: 1. La falsación y la metodología de los programas de investigación científica; 2. La historia de la ciencia y sus reconstrucciones racionales; 3. Popper y los problemas de demarcación e inducción; 4. ¿Por qué superó el programa de investigación de Copérnico al de Tolomeo; 5. El efecto de Newton sobre las reglas de la ciencia. Contenido del V. 2: 1. Filosofía de la matemática; 2. Escritos críticos; 3. Ciencia y educación. | ||
| 649 | |a XX | ||
| 650 | |a Epistemología | ||
| 650 | |a Falsacionismo | ||
| 650 | |a Matemáticas - |x Filosofía | ||
| 650 | |a Ciencia - |x Estudio y Enseñanza | ||
| 650 | |a Ciencia - |x Historia | ||
| 650 | |a Popper, Karl R. | ||
| 910 | |a Fondo General | ||
| 920 | |a Impresos - Libros | ||
| 930 | |a Colección General | ||
| 905 | |a 101 | ||
| 901 | |a 0500181400 |b IT1 |c ACC |i FXC C729 |u 20250521 | ||
| 902 | |a https://opac.biblio.iteso.mx/vufind/Record/000296014 | ||